Robbins basic pathology / (Record no. 17299)
[ view plain ]
| 000 -LEADER | |
|---|---|
| fixed length control field | 02165nam a22003255a 4500 |
| 001 - CONTROL NUMBER | |
| control field | 17059172 |
| 005 - DATE AND TIME OF LATEST TRANSACTION | |
| control field | 20150816134352.0 |
| 008 - FIXED-LENGTH DATA ELEMENTS--GENERAL INFORMATION | |
| fixed length control field | 111123r20131971paua f b 001 0 eng d |
| 020 ## - INTERNATIONAL STANDARD BOOK NUMBER | |
| International Standard Book Number | 9781437717815 (hardcover : alk. paper) |
| 020 ## - INTERNATIONAL STANDARD BOOK NUMBER | |
| International Standard Book Number | 9780808924326 (International ed. : hardcover : alk. paper) |
| 040 ## - CATALOGING SOURCE | |
| Original cataloging agency | EG-ScBUE |
| Language of cataloging | eng |
| Transcribing agency | EG-ScBUE |
| 082 04 - DEWEY DECIMAL CLASSIFICATION NUMBER | |
| Classification number | 616.07 |
| Edition number | 22 |
| Item number | ROB |
| 245 00 - TITLE STATEMENT | |
| Title | Robbins basic pathology / |
| Statement of responsibility, etc | [edited by] Vinay Kumar, Abul K. Abbas, Jon C. Aster. |
| 246 1# - VARYING FORM OF TITLE | |
| Title proper/short title | Basic pathology |
| 250 ## - EDITION STATEMENT | |
| Edition statement | 9th ed., International ed. |
| 260 ## - PUBLICATION, DISTRIBUTION, ETC. (IMPRINT) | |
| Place of publication, distribution, etc | Philadelphia : |
| Name of publisher, distributor, etc | Elsevier/Saunders, |
| Date of publication, distribution, etc | 2013. |
| 300 ## - PHYSICAL DESCRIPTION | |
| Extent | 910 p. : |
| Other physical details | ill. ; |
| Dimensions | 29 cm. |
| 500 ## - GENERAL NOTE | |
| General note | Index : p. 871-910. |
| 504 ## - BIBLIOGRAPHY, ETC. NOTE | |
| Bibliography, etc | Includes bibliographical references. |
| 505 0# - FORMATTED CONTENTS NOTE | |
| Formatted contents note | Cell injury, death, and adaptation -- Inflammation and repair -- Fluid and hemodynamic disorders / Richard N. Mitchell -- Diseases of the immune system -- Neoplasia -- Genetic and pediatric diseases / Anirban Maitra -- Environmental diseases -- General pathology of infectious diseases / Alex McAdam, Arlene Sharpe -- The blood vessels / Richard N. Mitchell -- The heart / Richard N. Mitchell -- The hematopoietic and lymphoid system -- The lung and upper respiratory tract / Aliya Noor Husain -- The kidney / Charles E. Alpers -- The oral cavity and gastrointestinal tract / Jerrold Turner, Mark Lingen -- The liver and biliary tract / Neil Theise -- The pancreas / Anirban Maitra -- The male genital system and lower urinary tract / Jonathan Epstein -- The female genital system and breast / Husain Sattar -- The endocrine system / Anirban Maitra -- Bones, joints, and soft tissue tumors / Andrew Rosenberg -- Peripheral nervous system and muscle / Peter Pytel -- The central nervous system and muscle / Matthew P. Frosch -- Skin / Alexander J.F. Lazar, Wei-Lien Wang. |
| 590 ## - LOCAL NOTE (RLIN) | |
| Local note | catalogued by : Mostafa El-Helaly |
| 650 12 - SUBJECT ADDED ENTRY--TOPICAL TERM | |
| Topical term or geographic name as entry element | Pathology. |
| 9 (RLIN) | 32624 |
| Source of heading or term | BUEsh |
| 651 ## - SUBJECT ADDED ENTRY--GEOGRAPHIC NAME | |
| Source of heading or term | BUEsh |
| 653 ## - INDEX TERM--UNCONTROLLED | |
| Arrived date list | August2015 |
| 700 1# - ADDED ENTRY--PERSONAL NAME | |
| Personal name | Kumar, Vinay, |
| Dates associated with a name | 1944- |
| 9 (RLIN) | 30043 |
| 700 1# - ADDED ENTRY--PERSONAL NAME | |
| Personal name | Abbas, Abul K. |
| 9 (RLIN) | 32625 |
| 700 1# - ADDED ENTRY--PERSONAL NAME | |
| Personal name | Aster, Jon C. |
| 9 (RLIN) | 32626 |
| 700 1# - ADDED ENTRY--PERSONAL NAME | |
| Personal name | Robbins, Stanley L. |
| Fuller form of name | (Stanley Leonard), |
| Dates associated with a name | 1915-2003. |
| 9 (RLIN) | 32627 |
| 942 ## - ADDED ENTRY ELEMENTS (KOHA) | |
| Source of classification or shelving scheme | Dewey Decimal Classification |
| Item type | Book - Borrowing |
| Withdrawn status | Item status | Source of classification or shelving scheme | Damaged status | Not for loan | Vendor | Home library | Current library | Shelving location | Date acquired | Source of acquisition | Total Checkouts | Full call number | Barcode | Date last seen | Date last borrowed | Koha item type | Total Renewals |
|---|---|---|---|---|---|---|---|---|---|---|---|---|---|---|---|---|---|
| Dewey Decimal Classification | Baccah | Central Library | Central Library | First floor | 18/02/2013 | 1 | 616.07 ROB | 000028262 | 15/07/2025 | 24/02/2022 | Book - Borrowing | ||||||
| Dewey Decimal Classification | Baccah | Central Library | Central Library | First floor | 18/02/2013 | 2 | 616.07 ROB | 000028263 | 15/07/2025 | 27/10/2024 | Book - Borrowing | 4 | |||||
| Dewey Decimal Classification | Baccah | Central Library | Central Library | First floor | 18/02/2013 | 3 | 616.07 ROB | 000028264 | 15/07/2025 | 04/11/2020 | Book - Borrowing | 9 | |||||
| Dewey Decimal Classification | Baccah | Central Library | Central Library | First floor | 18/02/2013 | 4 | 616.07 ROB | 000028265 | 15/07/2025 | 31/10/2020 | Book - Borrowing | 32 | |||||
| Dewey Decimal Classification | Baccah | Central Library | Central Library | First floor | 18/02/2013 | 616.07 ROB | 000028266 | 15/07/2025 | Book - Borrowing | ||||||||
| Dewey Decimal Classification | Baccah | Central Library | Central Library | First floor | 18/02/2013 | 2 | 616.07 ROB | 000028267 | 15/07/2025 | 09/03/2020 | Book - Borrowing | 1 | |||||
| Dewey Decimal Classification | Baccah | Central Library | Central Library | First floor | 18/02/2013 | 3 | 616.07 ROB | 000028268 | 15/07/2025 | 12/11/2020 | Book - Borrowing | 33 | |||||
| Dewey Decimal Classification | Baccah | Central Library | Central Library | First floor | 18/02/2013 | 3 | 616.07 ROB | 000028269 | 15/07/2025 | 27/02/2019 | Book - Borrowing | 23 |